000 00482nam a2200181Ia 4500
008 170705s9999 xx 000 0 und d
020 _a9780531175347
245 4 _aThe cold war pigeon patrols and other animal spies /
245 _cDaniella Denega.
260 _aNew York :
260 _bScholastic,
260 _c2007
300 _a64 pages :
300 _bcolor illustration ;
300 _c23cm.
440 _a24/7 science behind the scenes spy files.
500 _a840
999 _c336253
_d336253